Hacienda Pública Teórica y Aplicada / (Registro nro. 7695)
[ vista simple ]
| 000 -LEADER | |
|---|---|
| fixed length control field | 01495nam a2200301Ia 4500 |
| 003 - CONTROL NUMBER IDENTIFIER | |
| control field | OSt |
| 005 - DATE AND TIME OF LATEST TRANSACTION | |
| control field | 20210422130448.0 |
| 008 - FIXED-LENGTH DATA ELEMENTS--GENERAL INFORMATION | |
| fixed length control field | 210310t1992 sp ad gr 001 0 spa d |
| 020 ## - INTERNATIONAL STANDARD BOOK NUMBER | |
| International Standard Book Number | 8476157568 |
| 040 ## - CATALOGING SOURCE | |
| Original cataloging agency | CO-JMCR |
| Transcribing agency | CO-JMCR |
| 041 1# - LANGUAGE CODE | |
| Language code of text/sound track or separate title | spa |
| Language code of original | eng |
| 082 04 - DEWEY DECIMAL CLASSIFICATION NUMBER | |
| Classification number | 336 / |
| Item number | M987h |
| Edition number | 23 |
| 100 1# - MAIN ENTRY--PERSONAL NAME | |
| Personal name | Musgrave, Richard A., |
| 9 (RLIN) | 15181 |
| Relator term | autor |
| 245 10 - TITLE STATEMENT | |
| Title | Hacienda Pública Teórica y Aplicada / |
| Statement of responsibility, etc. | Richard A. Musgrave, Peggy B. Musgrave ; traductores, Juan Francisco Corona Ramon, Juan Carlos Costas Terrones, Amelia Díaz Álvarez ; revisor técnico, Jose M. Lozano Irueste |
| 250 ## - EDITION STATEMENT | |
| Edition statement | Quinta edición |
| 260 ## - PUBLICATION, DISTRIBUTION, ETC. | |
| Place of publication, distribution, etc. | Madrid : |
| Name of publisher, distributor, etc. | McGraw-Hill, |
| Date of publication, distribution, etc. | 1992 |
| 300 ## - PHYSICAL DESCRIPTION | |
| Other physical details | xix, 779 páginas : |
| Extent | ilustraciones y gráficos a blanco y negro ; |
| Dimensions | 24 cm. |
| 500 ## - GENERAL NOTE | |
| General note | Incluye notas a pie de página e índice de nombres y materias. |
| 505 0# - FORMATTED CONTENTS NOTE | |
| Formatted contents note | Delimitación del sector público -- Asignación, distribución y elección pública -- Estructura y política del gasto -- Principios de la imposición -- Estructura tributaria -- Federalismo fiscal -- Política fiscal y estabilización -- Cuestiones internacionales |
| 650 14 - SUBJECT ADDED ENTRY--TOPICAL TERM | |
| Topical term or geographic name entry element | Hacienda Pública |
| 9 (RLIN) | 15183 |
| 650 24 - SUBJECT ADDED ENTRY--TOPICAL TERM | |
| Topical term or geographic name entry element | Política fiscal |
| 9 (RLIN) | 37047 |
| 700 1# - ADDED ENTRY--PERSONAL NAME | |
| Personal name | Musgrave, Peggy B., |
| Relator term | autor |
| 9 (RLIN) | 6350 |
| 700 1# - ADDED ENTRY--PERSONAL NAME | |
| Personal name | Corona Ramon, Juan Francisco, |
| Relator term | traductor |
| 9 (RLIN) | 37048 |
| 700 1# - ADDED ENTRY--PERSONAL NAME | |
| Personal name | Costas Terrones, Juan Carlos, |
| Relator term | traductor |
| 9 (RLIN) | 37049 |
| 700 1# - ADDED ENTRY--PERSONAL NAME | |
| Personal name | Díaz Álvarez, Amelia, |
| Relator term | traductora |
| 9 (RLIN) | 37050 |
| 700 1# - ADDED ENTRY--PERSONAL NAME | |
| Personal name | Lozano Irueste, Jose M., |
| Relator term | revisor |
| 9 (RLIN) | 37051 |
| 942 ## - ADDED ENTRY ELEMENTS (KOHA) | |
| Source of classification or shelving scheme | Dewey Decimal Classification |
| Koha item type | Books |
| Withdrawn status | Lost status | Source of classification or shelving scheme | Damaged status | Not for loan | Collection code | Home library | Current library | Date acquired | Source of acquisition | Full call number | Barcode | Date last seen | Copy number | Koha item type |
|---|---|---|---|---|---|---|---|---|---|---|---|---|---|---|
| Dewey Decimal Classification | Non-fiction | Biblioteca Pública José María del Castillo y Rada | Biblioteca Pública José María del Castillo y Rada | 04/15/2018 | Donación | 336 / M987h | 430003818 | 05/16/2024 | Ej.1 | Books |